Представление документа в формате MARC21

Поле Инд. ПП Название Значение
Тип записи a
Библиографический уровень m
001 Контрольный номер d1d92805-8b4f-4a25-86dc-8e720ad638ca
005 Дата корректировки 20140703122155.3
008 Кодируемые данные 030818
020 c Цена, тираж б/ц
040 a Служба первич. каталог. НБ ТвГУ
041 a Код языка текста rus
080 a Индекс УДК 1(470)(091)"19"(043.3)
a Индекс УДК 930.85"19"(043.3)
084 a Индекс другой классификации/Индекс ББК Ю3(2)61-63я031
090 a Полочн. индекс Ю3(2)61
x Авторский знак Л33
100 1_ a Автор Лебедев Алексей Юрьевич
245 10 a Заглавие Проблема кризиса гуманистической культуры в русской экзистенциальной философии первой половины ХХ века
b Продолж. заглавия Автореф. дис. ... канд. филос. наук : 09.00.03
c Ответственность Твер. гос. ун-т
260 0_ a Место издания Тверь
b Издательство Тверской государственный университет
c Дата издания 2003
300 a Объем 18 с.
500 a Примечание На правах рукоп.
502 a Примечание о диссертации Дис.(канд.) - Твер. гос. ун-т, 2003
504 a Библиография Библиогр. в подстроч. примеч.
a Библиография Библиогр.: с.18.
583 a Действие Получение впервые 181 12.08.2003
650 a Основная рубрика Философия
x Основная подрубрика История
y Хронологическая подрубрика 20 в.
z Географическая подрубрика Россия
650 a Основная рубрика Русская философия
650 a Основная рубрика Русская культура
650 a Основная рубрика Экзистенциализм
653 a Ключевые слова Авторефераты
a Ключевые слова Бердяев, Николай Александрович, о нем
a Ключевые слова История философии
a Ключевые слова Культура
a Ключевые слова Мережковский
a Ключевые слова Русская культура
a Ключевые слова Русская философия
a Ключевые слова Труды Тверского государственного университета
a Ключевые слова Философия
a Ключевые слова Шестов
a Ключевые слова Экзистенциализм
710 a Организация/ юрисдикция Тверской государственный университет
852 t Порядковый номер экземпляра 2
p Инвентарный номер б/н - 2 экз.
888 a Бесплатные
930 a Новая/Ретро авторефераты
952 p 181.2003 б/ц 2 б/н
c Вид литературы А/Р н
954 a Дата поступления на обработку 20030818
999 a Подразделение 2 ч.з.